000 00602nam a2200241 a 4500
001 nice12345678
003 IN_TiNIC
005 20260116011452.0
008 050524s1902 kana grp 000 0 ara
020 _a
_c100
082 0 0 _a492.78
_bJAM
100 _aJami, Imaduddin Abdur Rahm
245 _aSharah Jami
260 _aKanpur
_bMatba-E-Razzaqi
_c1902
300 _a380p
500 _aincludes index and biblioraphy
505 2 _aarchive, 2 parts bound together
650 _aArabic-Grammar
700 1 _aJami, Imaduddin Abdur Rahm
902 _bSRS
942 _cBK
999 _c1820
_d1820